Valparaíso: Parque El Litre
Guardat en:
| Autor principal: | |
|---|---|
| Format: | Llibre |
| Idioma: | espanyol |
| Publicat: |
Viña del Mar
Ediciones Altazor
2011
|
| Matèries: | |
| Etiquetes: |
Afegir etiqueta
Sense etiquetes, Sigues el primer a etiquetar aquest registre!
|
MARC
| LEADER | 00000cam a2200000 a 4500 | ||
|---|---|---|---|
| 001 | UCF4356 | ||
| 003 | CL-VaPUC | ||
| 008 | 121130e20110000CL |||||||||||||||||spa|d | ||
| 020 | |a 9789567472857 | ||
| 082 | 0 | 4 | |a 983.064 |b QUI |2 21 |
| 100 | 0 | |a Quinlan Cortez, Carlos Alberto |e author |9 565875 | |
| 245 | 1 | 0 | |a Valparaíso: Parque El Litre |
| 300 | |a 581 p | ||
| 942 | |c BK | ||
| 945 | |d 20121130 00:00:00 |a dcastane | ||
| 260 | |a Viña del Mar |b Ediciones Altazor |c 2011 | ||
| 650 | 0 | |a Historia de Chile |9 265473 | |
| 650 | 0 | |a Historia de Valparaíso |y Siglo 20 |9 482500 | |
| 650 | 7 | |a PARQUES |2 CL-VaPUC |9 565876 | |
| 583 | |a last modification |c 20121207 11:43:53 |k Rodrigo Vera | ||
| 999 | |c 350163 |d 350161 | ||
| 952 | |0 0 |1 0 |4 0 |6 983_064000000000000_QUI_2011 |7 0 |8 A |9 453375 |a BIBHIS |b BIBHIS |d 2019-11-22 |i 4930525 |o 983.064 QUI 2011 |p 4930525 |r 2025-01-20 |w 2019-11-22 |y BK |k HIS | ||
| 952 | |0 0 |1 0 |4 0 |6 983_064000000000000_QUI_2011 |7 0 |8 X |9 453376 |a FDOBUD |b FDOBUD |d 2019-11-22 |i 4930339 |o 983.064 QUI 2011 |p 4930339 |r 2019-11-22 |w 2019-11-22 |y BK_X |k BUD | ||